000 01043nam a2200265Ia 4500
003 OSt
005 20221005110724.0
006 a|||||r|||| 00| 0
007 ta
008 221004b |||||||| |||| 00| 0 hin d
020 _a9788126705634 (hbk)
_c350
024 _a9954
037 _bBR7982, 13/03/2014, Rajkamal Prakashan Pvt. Ltd.
_cTextual
040 _aCRL
_cCRL
_bhin
041 _2hin
_ahin
082 _aX:3M24xM18:g, 152N1
100 _aनामवर सिंह, संपा.
245 0 _aकार्ल मार्क्स कला और साहित्य चिंतन
246 _aKārla mārksa kalā aur sāhitya chiantana
260 _aनई दिल्ली
_bराजकमल प्रकाशन भारत
_c2010
300 _a216पृ0
_ccm.
650 _aअर्थशास्त्र
942 _hX:3M24xM18:g, 152N1
_cTEXL
_2cc
999 _c1019674
_d1019674